[Event "CRO-chT (Women) 30th"]
[Site "Porec"]
[Date "2022.09.27"]
[Round "5.3"]
[White "Smetisko, Renata"]
[Black "Vujnovic, Patricija"]
[Result "0-1"]
[WhiteElo "1273"]
[BlackElo "2104"]
[PlyCount "93"]
[EventDate "2022.09.24"]
[EventType "team-tourn"]
[EventRounds "9"]
[EventCountry "CRO"]
[SourceTitle "CBM 210 Extra"]
[Source "ChessBase"]
[SourceDate "2022.11.30"]
[SourceVersion "1"]
[SourceVersionDate "2022.11.30"]
[SourceQuality "1"]
[WhiteTeam "Zagreb Ericsson Tesla (W)"]
[BlackTeam "Rijeka Liburnija (W)"]
[WhiteTeamCountry "CRO"]
[BlackTeamCountry "CRO"]

1. e4 c6 2. f4 d5 3. e5 c5 4. Nf3 Bg4 5. h3 Bxf3 6. Qxf3 e6 7. b3 Nc6 8. c3 Nge7 9. Na3 Nf5 10. Bd3 Qh4+ 11. Kd1 Ng3 12. Re1 0-0-0 13. Re3 Qh5 14. Qg4 Qxg4+ 15. hxg4 Ne4 16. Bxe4 dxe4 17. Rxe4 Be7 18. Nc4 Rd7 19. a4 Rhd8 20. Kc2 Kc7 21. Bb2 b6 22. Re2 h6 23. Ne3 a6 24. f5 Nxe5 25. c4 Nc6 26. Bxg7 Nd4+ 27. Bxd4 cxd4 28. Nd5+ exd5 29. cxd5 Bg5 30. Kd3 Rxd5 31. f6 Bxf6 32. Rf1 Bg5 33. Rxf7+ R5d7 34. Rf5 Kb7 35. Ree5 Rc8 36. a5 b5 37. Re6 Rc6 38. Re8 Rd8 39. Re1 Rdc8 40. Rf7+ R6c7 41. Rff1 Rc2 42. Re2 R8c7 43. Rf8 Rb2 44. Ref2 Rxb3+ 45. Kxd4 Rd7+ 46. Ke5 Rbd3 47. R8f7 0-1